<?xml version="1.0" encoding="UTF-8"?>
<marc:record xmlns:marc="http://www.loc.gov/MARC21/slim">
   <marc:leader>00000nam a2200000 a 4500</marc:leader>
   <marc:datafield ind1="1" ind2=" " tag="100">
      <marc:subfield code="a">Mayer-Skumanz, Lene</marc:subfield>
      <marc:subfield code="4">aut</marc:subfield>
      <marc:subfield code="e">Verfasser/-in</marc:subfield>
   </marc:datafield>
   <marc:datafield ind1=" " ind2=" " tag="653">
      <marc:subfield code="a">Kinderbuch</marc:subfield>
   </marc:datafield>
   <marc:datafield ind1=" " ind2=" " tag="653">
      <marc:subfield code="a">Anthologie</marc:subfield>
   </marc:datafield>
   <marc:datafield ind1=" " ind2=" " tag="653">
      <marc:subfield code="a">Weihnachten</marc:subfield>
   </marc:datafield>
   <marc:datafield ind1=" " ind2=" " tag="653">
      <marc:subfield code="a">Schule</marc:subfield>
   </marc:datafield>
   <marc:datafield ind1="0" ind2="0" tag="245">
      <marc:subfield code="a">Fabian freut sich auf Weihnachten</marc:subfield>
   </marc:datafield>
   <marc:datafield ind1="0" ind2="0" tag="245">
      <marc:subfield code="b">neue Geschichten für die Advents- und Weihnachtszeit</marc:subfield>
   </marc:datafield>
   <marc:datafield ind1=" " ind2="1" tag="264">
      <marc:subfield code="b">Patmos</marc:subfield>
      <marc:subfield code="c">1996</marc:subfield>
   </marc:datafield>
   <marc:datafield ind1="1" ind2=" " tag="520">
      <marc:subfield code="a">Fabian, seit drei Monaten in der Schule, hat alle Hände voll zu tun: neue Beziehungen knüpfen, alte Beziehungen pflegen, Gott und die Welt erforschen. Seine Oma und Opa helfen Mario dabei... wäre da nicht sein rauflustiger Klassenkamerad Till...

¬Die¬ Schiefertafel; Anna und die Gerechtigkeit; Der leere Platz; Wichtel; Die Pelzmütze; Affen; Adventskalender; Das innere Licht; Spuren im Schnee; Das Paradiesgärtlein; Nikolausarbeit; Wichtelhilfe; Nikolaus Mario; Bunte Mischung

Anna und die Katze; Engel; Die guten Früchte; Kerzen; Das Friedenslied; Der Bazar; 22. Dezember; Ein Christbaum für Frau Winkler; Der Radiergummilöwe; Der Schwarze König.</marc:subfield>
   </marc:datafield>
   <marc:datafield ind1=" " ind2=" " tag="020">
      <marc:subfield code="a">9783491794788</marc:subfield>
      <marc:subfield code="9">9783491794788</marc:subfield>
   </marc:datafield>
</marc:record>
